Normal view
MARC view
- Phelps, Everett Russell
Entry Personal Name
001 - CONTROL NUMBER
- control field: 39026
003 - CONTROL NUMBER IDENTIFIER
- control field: NUST
005 - DATE AND TIME OF LATEST TRANSACTION
- control field: 20210314131326.0
008 - FIXED-LENGTH DATA ELEMENTS
- fixed length control field: 210314|| aca||aabn | a|a d
040 ## - CATALOGING SOURCE
- Original cataloging agency: NUST
- Transcribing agency: NUST
100 ## - HEADING--PERSONAL NAME
- Personal name: Phelps, Everett Russell
670 ## - SOURCE DATA FOUND
- Source citation: Work cat.: (NUST): Wolfe, John H. [from old catalog] 39024, Practical shop mathematics,, [1948-49]
